| 000 | 00944nam0a2200301 4500 | ||
|---|---|---|---|
| 001 | RU\NLR\bibl\1495041 | ||
| 005 | 20250616014127.0 | ||
| 010 |
_a978-5-903521-14-2 _950 |
||
| 021 |
_aRU _b2010-11284 _9748 |
||
| 035 | _a(NLR Aleph) 001486553 | ||
| 090 |
_a1736786 _c1736786 |
||
| 100 | _a20100406d2009 |||y0rusy50 ca | ||
| 101 | 0 | _arus | |
| 102 | _aRU | ||
| 105 | _aa ||||||||| | ||
| 200 | 1 |
_aМягкие истории для мам и малышей _fИйя Чуракова |
|
| 210 |
_aСанкт-Петербург _cБранко _d2009 |
||
| 215 |
_a35, [1] c. _cцв. ил. _d21 |
||
| 225 | 1 | _aMamahobby | |
| 313 | _aВязание | ||
| 606 | 1 |
_aДетская одежда _xВязание ручное _92160773 _3RU\NLR\auth\661300410 |
|
| 686 | _aМ483 | ||
| 700 | 1 |
_aЧуракова _bИ. _gИйя _4070 |
|
| 801 | 0 |
_aRU _bNLR _c20100406 _gRCR |
|
| 801 | 1 |
_aRU _bNLR _c20100406 |
|
| 942 | _cBOOK | ||
| 980 | _aNB | ||